| 000 | 00000nam##2200000za#4500 |
| 001 | 9.643035 |
| 003 | CaOODSP |
| 005 | 20210624224002 |
| 007 | cr ||||||||||| |
| 008 | 150407|2005||||xxc|||||o f|0| 0 fre|d |
| 040 | |aCaOODSP|bfre |
| 043 | |an-cn--- |
| 086 | 1 |aEn84-111/2005F-PDF |
| 110 | 1 |aCanada. |bEnvironnement Canada. |
| 245 | 10|aLes gaz à effet de serre (GES) visés par le Protocole de Kyoto et la Loi canadienne sur la protection de l'environnement, 1999 : |h[ressource électronique]|bsynthèse des éléments scientifiques pertinents issus du troisième Rapport d’évaluation du GIEC dans le contexte de l’article 64 de la LCPE |
| 246 | 17|aRapport sur les GES et la LCPE |
| 260 | |aOttawa - Ontario : |bEnvironnement Canada |c[30 août 2005]. |
| 300 | |a44p.|bgraphiques, références, tableaux |
| 590 | |a14-08-Supp|b2014-04-10 |
| 691 | 07|aGaz à effet de serre|2gcpds |
| 691 | 07|aProtection de l'environnement|2gcpds |
| 775 | 08|tThe Kyoto Protocol greenhouse gases (GHGs) and the Canadian Environmental Protection Act : |w(CaOODSP)9.698986 |
| 856 | 40|ahttp://publications.gc.ca|qPDF|s342 Ko|uhttps://publications.gc.ca/collections/collection_2014/ec/En84-111-2005-fra.pdf |